Organisational behaviour and management /

محفوظ في:
التفاصيل البيبلوغرافية
المؤلف الرئيسي: Ivancevich, John M.
التنسيق: كتاب
اللغة:English
منشور في: Roseville NSW : McGraw-Hill, 1997.
الموضوعات:
الوسوم: إضافة وسم
لا توجد وسوم, كن أول من يضع وسما على هذه التسجيلة!
Thư viện lưu trữ: Mạng thư viện Đại học Đà Nẵng
LEADER 00875cam a2200325 i 4500
001 000045094
003 4218
005 20030225113008.0
008 010319|1997 vm 000 eng
020 |a 0256199213 
040 |a IRC  |c IRC  |d IRC 
041 0 |a eng 
082 1 4 |a 302.350994  |b IV-J 
100 1 |a Ivancevich, John M. 
245 0 0 |a Organisational behaviour and management /  |c John M Ivancevich. 
260 |a Roseville NSW :  |b McGraw-Hill,  |c 1997. 
300 |a xx, 752p. :  |b ill. 
630 0 4 |a Organisational behaviour. 
650 0 4 |a Organisational behaviour  |z Australia. 
650 0 4 |a Organisational behaviour  |z New Zealand. 
OWN |a DUT 
999 |a From the UDN01 
TYP |a Monograph 
TYP |a Printed language 
980 |a Mạng thư viện Đại học Đà Nẵng